| 000 | 00464nam a2200181Ia 4500 | ||
|---|---|---|---|
| 008 | 180207s9999 xx 000 0 und d | ||
| 020 | _a9780689831874 | ||
| 050 | _bW749 2002 | ||
| 100 | _aWilson, Karma. | ||
| 245 | _aBear snores on / | ||
| 245 | _cKarma Wilson and Jane Chapman. | ||
| 250 | _aFirst edition. | ||
| 260 | _aNew York : | ||
| 260 | _bMargaret K. McElderry Books, | ||
| 260 | _c2002 | ||
| 300 | _aunpaged : | ||
| 300 | _bcolor illustration ; | ||
| 999 |
_c355076 _d355076 |
||